[Event "Rio Branco Regional Norte"]
[Site "Rio Branco"]
[Date "2021.11.26"]
[Round "2"]
[White "Ferreira, Rogerio Nunes"]
[Black "Dantas, Neimar de Oliveira"]
[Result "0-1"]
[WhiteElo "1694"]
[BlackElo "2030"]
[PlyCount "42"]
[EventDate "2021.11.25"]
[EventType "swiss"]
[EventRounds "6"]
[EventCountry "BRA"]
[SourceTitle "CBM 205 Extra"]
[Source "ChessBase"]
[SourceDate "2022.01.31"]
[SourceVersion "1"]
[SourceVersionDate "2022.01.31"]
[SourceQuality "1"]

1. e4 c5 2. Nf3 Nc6 3. d4 cxd4 4. Nxd4 e5 5. Nb5 d6 6. c4 a6 7. N5a3 Be7 8. Nc3 Nf6 9. Be2 0-0 10. 0-0 Be6 11. Nc2 Rc8 12. Ne3 Na5 13. Qa4 Nxc4 14. Nxc4 b5 15. Nxb5 axb5 16. Qxb5 Nxe4 17. Ne3 d5 18. Bf3 Nd6 19. Qe2 e4 20. Bg4 f5 21. Bh3 d4 0-1

[Event "BRA-ch 87th"]
[Site "Cuiaba"]
[Date "2021.11.01"]
[Round "7"]
[White "Dantas, Neimar de Oliveira"]
[Black "Pessoa, Marcio de Souza"]
[Result "1-0"]
[WhiteElo "2030"]
[BlackElo "1818"]
[PlyCount "139"]
[EventDate "2021.10.28"]
[EventType "swiss"]
[EventRounds "11"]
[EventCountry "BRA"]
[SourceTitle "CBM 205 Extra"]
[Source "ChessBase"]
[SourceDate "2022.01.31"]
[SourceVersion "1"]
[SourceVersionDate "2022.01.31"]
[SourceQuality "1"]

1. d4 f5 2. Nf3 d5 3. c4 e6 4. g3 Nf6 5. Bg2 c6 6. Qc2 Bd6 7. 0-0 0-0 8. b3 Qe7 9. Nbd2 a5 10. Ne5 Bd7 11. Ndf3 Be8 12. Bd2 Ne4 13. Ne1 Nd7 14. N1d3 Nxd2 15. Qxd2 Nxe5 16. Nxe5 g5 17. f4 g4 18. c5 Bc7 19. a3 Kg7 20. e3 h5 21. h4 gxh3 22. Bxh3 Bxe5 23. fxe5 Qg5 24. Kh2 Bg6 25. Qf2 Rh8 26. Qf4 Qe7 27. Qh4 Qf7 28. Rf4 Raf8 29. Qg5 Rh6 30. Rh4 Kh7 31. Rf1 Qg7 32. Bg2 Rg8 33. Bf3 Qf8 34. Qf4 Be8 35. Be2 Qg7 36. Rf2 Rh8 37. Kg1 Kg8 38. Rfh2 Rg6 39. Kf2 Rg5 40. Qf3 Bf7 41. Qg2 Kf8 42. R2h3 Ke7 43. Qh1 Rg8 44. Qh2 Rg4 45. Qg2 Rxh4 46. Rxh4 Qg5 47. Qf3 Qh6 48. Qf4 Rg5 49. Qf3 Rg4 50. Qh1 Qg5 51. Bxg4 fxg4 52. Qd1 Qf5+ 53. Kg1 Qe4 54. Qe1 Bg6 55. b4 Qd3 56. Rh2 Qxa3 57. bxa5 Be4 58. Rxh5 Kd7 59. Qd2 Kc7 60. Rh4 Bf3 61. Kf2 Kb8 62. Rh6 Qa1 63. a6 Qxa6 64. Rxe6 Qa1 65. Rh6 Qb1 66. Rh8+ Kc7 67. Qa5+ Kd7 68. Qd8+ Ke6 69. Qf6+ Kd7 70. Qd6# 1-0

[Event "BRA-ch 87th"]
[Site "Cuiaba"]
[Date "2021.10.29"]
[Round "2"]
[White "Santos, Marcus Vinicius M"]
[Black "Dantas, Neimar de Oliveira"]
[Result "1-0"]
[WhiteElo "2375"]
[BlackElo "2030"]
[PlyCount "55"]
[EventDate "2021.10.28"]
[EventType "swiss"]
[EventRounds "11"]
[EventCountry "BRA"]
[SourceTitle "CBM 205 Extra"]
[Source "ChessBase"]
[SourceDate "2022.01.31"]
[SourceVersion "1"]
[SourceVersionDate "2022.01.31"]
[SourceQuality "1"]

1. d4 Nf6 2. c4 e6 3. Nc3 Bb4 4. e3 Bxc3+ 5. bxc3 b6 6. Bd3 Bb7 7. f3 d6 8. Ne2 Nbd7 9. 0-0 Qe7 10. e4 c5 11. a4 a5 12. Ra2 h6 13. Ng3 g6 14. f4 cxd4 15. cxd4 e5 16. fxe5 dxe5 17. Ba3 Qe6 18. d5 Qg4 19. Qxg4 Nxg4 20. h3 Ngf6 21. Raf2 Nh7 22. Rxf7 0-0-0 23. Ne2 g5 24. Ng3 Nhf8 25. Nf5 Nc5 26. Bxc5 bxc5 27. Rb1 Bc6 28. Ne7+ 1-0

[Event "BRA-ch 85th sf Reg2"]
[Site "Manaus"]
[Date "2018.11.02"]
[Round "2"]
[White "Dantas, Neimar de Oliveira"]
[Black "Presa, Luis Alberto Passos"]
[Result "1-0"]
[WhiteElo "2027"]
[BlackElo "1755"]
[PlyCount "61"]
[EventDate "2018.11.01"]
[EventType "swiss"]
[EventRounds "7"]
[EventCountry "BRA"]
[SourceTitle "CBM 189 Extra"]
[Source "ChessBase"]
[SourceDate "2019.06.03"]
[SourceVersion "1"]
[SourceVersionDate "2019.06.03"]
[SourceQuality "1"]

1. d4 e6 2. g3 Nf6 3. c4 d5 4. Bg2 Nbd7 5. Nf3 Be7 6. 0-0 Ne4 7. Qb3 c6 8. Nc3 Nxc3 9. bxc3 0-0 10. cxd5 exd5 11. c4 dxc4 12. Qxc4 Nb6 13. Qc2 Bg4 14. Rd1 Qc8 15. a4 Bf5 16. e4 Bh3 17. a5 Bxg2 18. Kxg2 Nd7 19. Rb1 Nf6 20. Ne5 Ng4 21. Nxg4 Qxg4 22. Rxb7 Rfe8 23. f3 Qc8 24. a6 Bd8 25. Qb3 Re7 26. Ba3 Rd7 27. d5 cxd5 28. Rxd5 Rxd5 29. Qxd5 Qe6 30. Qxe6 fxe6 31. Bc5 1-0

[Event "BRA-ch 85th sf Reg2"]
[Site "Manaus"]
[Date "2018.11.01"]
[Round "1"]
[White "Molina, Roberto Junio Brito"]
[Black "Dantas, Neimar de Oliveira"]
[Result "1-0"]
[WhiteElo "2453"]
[BlackElo "2027"]
[PlyCount "93"]
[EventDate "2018.11.01"]
[EventType "swiss"]
[EventRounds "7"]
[EventCountry "BRA"]
[SourceTitle "CBM 189 Extra"]
[Source "ChessBase"]
[SourceDate "2019.06.03"]
[SourceVersion "1"]
[SourceVersionDate "2019.06.03"]
[SourceQuality "1"]

1. e4 c6 2. d4 d5 3. Nc3 dxe4 4. Nxe4 Bf5 5. Ng3 Bg6 6. h4 h6 7. Nf3 Nd7 8. h5 Bh7 9. Bd3 Bxd3 10. Qxd3 Ngf6 11. Bd2 e6 12. 0-0-0 Be7 13. Kb1 0-0 14. Ne4 Nxe4 15. Qxe4 Nf6 16. Qe2 Qd5 17. c4 Qe4+ 18. Qxe4 Nxe4 19. Be3 Rfd8 20. Ne5 c5 21. Rhe1 cxd4 22. Bxd4 Nd6 23. g4 Rac8 24. b3 b6 25. f4 Bf6 26. Bb2 Ne8 27. Ba3 Bh4 28. Rh1 Bg3 29. Bc1 Nd6 30. Be3 Ne4 31. Kc2 Nf2 32. Rxd8+ Rxd8 33. Rg1 Ne4 34. Nc6 Rd7 35. Rd1 Rc7 36. Rd8+ Kh7 37. Ne5 Nf6 38. Kd3 Bh4 39. Ra8 Bg3 40. Ke2 g5 41. hxg6+ fxg6 42. Kf3 Bh4 43. Bd4 g5 44. f5 exf5 45. gxf5 h5 46. Ng6 g4+ 47. Kf4 1-0

[Event "Rio Branco Acre op 3rd"]
[Site "Rio Branco"]
[Date "2018.09.07"]
[Round "2"]
[White "Dantas, Neimar de Oliveira"]
[Black "De Avelar, Flavio Henrique"]
[Result "1-0"]
[WhiteElo "2019"]
[BlackElo "1640"]
[PlyCount "89"]
[EventDate "2018.09.06"]
[EventType "swiss"]
[EventRounds "7"]
[EventCountry "BRA"]
[SourceTitle "CBM 187 Extra"]
[Source "ChessBase"]
[SourceDate "2018.11.04"]
[SourceVersion "1"]
[SourceVersionDate "2018.11.04"]
[SourceQuality "1"]

1. d4 Nf6 2. Nf3 g6 3. c4 Bg7 4. g3 0-0 5. Bg2 d6 6. 0-0 Nbd7 7. Qc2 c6 8. Rd1 Qc7 9. Nc3 Re8 10. h3 e5 11. e4 a6 12. c5 exd4 13. cxd6 Qxd6 14. Nxd4 Qc7 15. Kh2 Nc5 16. f4 Ne6 17. e5 Nxd4 18. Rxd4 c5 19. Na4 Nd7 20. Be3 Rb8 21. Rc1 b6 22. b4 Bf8 23. bxc5 bxc5 24. Rc4 Qa7 25. Nxc5 Nxc5 26. Bxc5 Bxc5 27. Rxc5 Bf5 28. Qc4 h5 29. Rc7 Be6 30. Rxa7 Bxc4 31. Rxc4 Rb2 32. Rac7 Kg7 33. Rc2 Rb1 34. Bd5 Rf8 35. e6 Kf6 36. Rxf7+ Rxf7 37. exf7 Rb8 38. Rc6+ Kg7 39. Rxa6 g5 40. fxg5 h4 41. gxh4 Rb2+ 42. Kg3 Kh7 43. g6+ Kg7 44. f8Q+ Kxf8 45. Ra7 1-0

[Event "Rio Branco Acre op 3rd"]
[Site "Rio Branco"]
[Date "2018.09.06"]
[Round "1"]
[White "Da Costa, Isaias Nascimento"]
[Black "Dantas, Neimar de Oliveira"]
[Result "0-1"]
[WhiteElo "1762"]
[BlackElo "2019"]
[PlyCount "48"]
[EventDate "2018.09.06"]
[EventType "swiss"]
[EventRounds "7"]
[EventCountry "BRA"]
[SourceTitle "CBM 187 Extra"]
[Source "ChessBase"]
[SourceDate "2018.11.04"]
[SourceVersion "1"]
[SourceVersionDate "2018.11.04"]
[SourceQuality "1"]

1. e4 c5 2. Bc4 e6 3. Nf3 Nc6 4. 0-0 Nf6 5. d3 Be7 6. e5 Ng4 7. Qe2 Qc7 8. h3 Ngxe5 9. Bf4 Bd6 10. Re1 Nxf3+ 11. Qxf3 Bxf4 12. Re4 Be5 13. Qe3 Bxb2 14. Qg5 Bxa1 15. Rg4 Qb6 16. Qxg7 Bxg7 17. Rxg7 Qxb1+ 18. Kh2 Qxc2 19. Bb3 Qxd3 20. Rg3 Qd6 21. h4 Rg8 22. Bc2 f5 23. Kg1 Rxg3 24. fxg3 Qxg3 0-1

[Event "Brasilia Ascade op"]
[Site "Brasilia"]
[Date "2016.01.31"]
[Round "4"]
[White "Shumyatsky, Victor"]
[Black "Dantas, Neimar de Oliveira"]
[Result "1-0"]
[WhiteElo "2443"]
[BlackElo "1946"]
[PlyCount "63"]
[EventDate "2016.01.29"]
[EventType "swiss"]
[EventRounds "5"]
[EventCountry "BRA"]
[SourceTitle "CBM 170 Extra"]
[Source "ChessBase"]
[SourceDate "2016.02.25"]
[SourceVersion "1"]
[SourceVersionDate "2016.02.25"]
[SourceQuality "1"]

1. e4 c6 2. Nc3 d5 3. Nf3 Bg4 4. h3 Bxf3 5. Qxf3 e6 6. d3 Nd7 7. a3 Ngf6 8. g3 Qb6 9. Bg2 Bd6 10. Qe2 d4 11. Nd1 e5 12. 0-0 h5 13. h4 0-0-0 14. b4 Kb8 15. Nb2 Qa6 16. Bd2 Bc7 17. Rfb1 b6 18. a4 Qb7 19. Nc4 Nf8 20. b5 Kc8 21. a5 c5 22. axb6 axb6 23. Ra6 Kd7 24. Rba1 Ke8 25. c3 Ne6 26. Bh3 Rb8 27. Bxe6 fxe6 28. Rxb6 Qc8 29. Rc6 Qd7 30. Ra7 Rc8 31. Nb6 Bxb6 32. Rxd7 1-0

[Event "Brasilia Ascade op"]
[Site "Brasilia"]
[Date "2016.01.29"]
[Round "1"]
[White "Dantas, Neimar de Oliveira"]
[Black "Almeida, Ygor de Souza"]
[Result "1/2-1/2"]
[WhiteElo "1946"]
[BlackElo "1513"]
[PlyCount "138"]
[EventDate "2016.01.29"]
[EventType "swiss"]
[EventRounds "5"]
[EventCountry "BRA"]
[SourceTitle "CBM 170 Extra"]
[Source "ChessBase"]
[SourceDate "2016.02.25"]
[SourceVersion "1"]
[SourceVersionDate "2016.02.25"]
[SourceQuality "1"]

1. d4 Nf6 2. c4 e6 3. Nc3 Bb4 4. e3 0-0 5. Bd3 c5 6. Nf3 Nc6 7. 0-0 d5 8. a3 Bxc3 9. bxc3 Ne7 10. Qc2 h6 11. e4 dxe4 12. Bxe4 Nxe4 13. Qxe4 f5 14. Qe2 Ng6 15. Rd1 Qc7 16. d5 exd5 17. cxd5 Qd6 18. c4 Bd7 19. Bb2 Rae8 20. Qc2 Re4 21. Re1 Rfe8 22. Qc3 R8e7 23. Re3 Nf4 24. Rae1 Qg6 25. g3 Rxe3 26. fxe3 Nh3+ 27. Kf1 Qg4 28. Nd2 b5 29. Qd3 a6 30. Qe2 bxc4 31. Qxg4 fxg4 32. Kg2 c3 33. Bxc3 Bb5 34. e4 Rf7 35. e5 Kf8 36. e6 Rf2+ 37. Kh1 Be2 38. d6 Bb5 39. e7+ Ke8 40. Ne4 Bc6 41. d7+ Kxd7 42. e8Q+ Kxe8 43. Bb4 Kf7 44. Bxc5 Bxe4+ 45. Rxe4 Rc2 46. Ba7 Rc1+ 47. Kg2 Rc2+ 48. Kf1 Rxh2 49. Rxg4 Ra2 50. Ra4 Ng5 51. Rxa6 Ne4 52. Bb8 Nc5 53. Ra7+ Kg6 54. Be5 Ra1+ 55. Ke2 Ra2+ 56. Kf3 Ne6 57. a4 Ra3+ 58. Kg2 Re3 59. Bb8 Nd4 60. Ra6+ Kf5 61. Ba7 Re2+ 62. Kf1 Re4 63. a5 h5 64. Rd6 Nb5 65. Rd5+ Re5 66. Rxe5+ Kxe5 67. a6 Kf5 68. Bb8 Kg4 69. Kg2 h4 1/2-1/2